| 000 | 00496nam a2200181Ia 4500 | ||
|---|---|---|---|
| 005 | 20250326125401.0 | ||
| 008 | 250326s9999 xx 000 0 und d | ||
| 037 | _aTextbook | ||
| 040 |
_aFMSL _beng _cFMSL |
||
| 041 |
_aeng _2eng |
||
| 084 |
_aX8(MV4):8 L0 _qFMSL |
||
| 100 |
_aQuade E S _9433255 |
||
| 245 | 0 |
_aAnalysis for military decisions _cQuade E S |
|
| 260 |
_aNY _bNY, North-Holland _c1970 |
||
| 300 | _a382p | ||
| 942 |
_cTB _hX8(MV4):8 L0 |
||
| 999 |
_c1277808 _d1277808 |
||